Central Library, Doon University
WEBOPAC (ONLINE PUBLIC ACCESS CATALOGUE)

Entrepreneurship (Record no. 61019)

MARC details
000 -LEADER
fixed length control field 00462nam a22001817a 4500
005 - DATE & TIME
control field 20260604153709.0
008 - FIXED-LENGTH DATA ELEMENTS--GENERAL INFORMATION
fixed length control field 260604b |||||||| |||| 00| 0 eng d
020 ## - ISBN
International Standard Book Number 9781635496376
Price 4995.00
040 ## - CATALOGING SOURCE
Original cataloging agency Doon University
041 ## - Language
Language English
082 ## - DDC NUMBER
Classification number 658.421
Book Number ENT
100 ## - MAIN ENTRY--PERSONAL NAME
Personal name Melville, Hugh (ed)
245 ## - TITLE STATEMENT
Title Entrepreneurship
260 ## - PUBLICATION, DISTRIBUTION, ETC. (IMPRINT)
Place of publication, distribution, etc New York
Name of publisher, distributor, etc Larsen And Keller
Date of publication, distribution, etc 2017
300 ## - PHYSICAL DESCRIPTION
Pages 235
650 ## - Subject
Subject Management (PM USHA)
942 ## - ADDED ENTRY ELEMENTS (KOHA)
Koha item type Books
100 ## - MAIN ENTRY--PERSONAL NAME
-- 27023
650 ## - Subject
-- 27020
952 ## - LOCATION AND ITEM INFORMATION (KOHA)
-- 2026-06-04
Holdings
Withdrawn status Lost status Source of classification or shelving scheme Damaged status Not for loan Location (home branch) Sublocation or collection (holding branch) Date acquired Koha full call number Accession No. Koha date last seen Koha item type
          Doon University Doon University 04.06.2026 658.421 ENT 34383 04.06.2026 Books
Contact : +91-135-2533126 (Library),+91-135-2533105 (Admin Office) , Email : doonlibrary@gmail.com

Powered by Koha